000
00332nam a2200121Ia 4500
008
190415s9999 xx 000 0 und d
082
_a
RI.003;
100
_a
India. National Commission on
245
0
_a
Teachers in higher education : Participation in decision making / N.P. Gupta
260
_c
0
300
_a
41,50p.
942
_c
BK
999
_c
22080
_d
22080